00723nam a22002057a 4500003000400000008004100004020001500045082001900060100002600079245010900105260003800214300001900252650003400271650003100305700002200336700001500358942001200373999001700385952011500402OSt240229b2004 |||||||| |||| 00| 0 eng d a8174463771 a658.402bPAT-I aPattanayak, Biswajeet aIntelligent organisation :ba madmap to success /cBiswajeet Pattanayak, Phalgu Niranjana and K Lakshmi. aNew Delhi :bExcel Books ,c2004. aviii, 256 p. ; aBusiness management strategy, aOrganizational development aNiranjana, Phalgu aLakshmi, K 2ddccBK c20380d20380 00102ddc4070aSOBDbSOBDd2024-02-29fINRg275.00l0o658.402 PAT-I1pSD2080r2024-02-29t1w2024-02-29yBK